[Event "Ottosen op"]
[Site "Edmonton CAN"]
[Date "2008.08.07"]
[Round "1"]
[White "Hughey, Micah"]
[Black "Pedersen, Rick"]
[Result "0-1"]
[WhiteElo "2218"]
[BlackElo "1865"]
[PlyCount "62"]
[GameId "2160767910336776"]
[EventDate "2008.08.07"]
[EventType "swiss"]
[EventRounds "4"]
[EventCountry "CAN"]
[SourceTitle "EXT 2011"]
[Source "ChessBase"]
[SourceDate "2011.11.26"]
[SourceVersion "1"]
[SourceVersionDate "2011.11.26"]
[SourceQuality "1"]

1. e4 d6 2. d4 Nf6 3. Nc3 g6 4. Bc4 Bg7 5. Qe2 Nc6 6. e5 dxe5 7. dxe5 Nd7 8. e6 Nde5 9. exf7+ Kf8 10. Nf3 Bg4 11. Be3 Bxf3 12. gxf3 Nd4 13. Bxd4 Qxd4 14. Bd5 c6 15. Rd1 Qf4 16. Be4 Kxf7 17. h4 Bh6 18. h5 Kg7 19. Rg1 Raf8 20. Rg3 Rf6 21. Kf1 Qh4 22. Bxg6 Bf4 23. Rd4 hxg6 24. Rg4 Qh3+ 25. Rg2 Rxh5 26. Ne4 Qxf3 27. Qxf3 Nxf3 28. Nxf6 Rh1+ 29. Ke2 Nxd4+ 30. Kd3 exf6 31. Kxd4 Rh2 0-1

[Event "Ottosen op"]
[Site "Edmonton CAN"]
[Date "2008.08.07"]
[Round "1"]
[White "McKay, Arnold"]
[Black "Ottosen, David"]
[Result "0-1"]
[WhiteElo "1834"]
[BlackElo "2109"]
[PlyCount "62"]
[GameId "2160767910336777"]
[EventDate "2008.08.07"]
[EventType "swiss"]
[EventRounds "4"]
[EventCountry "CAN"]
[SourceTitle "EXT 2011"]
[Source "ChessBase"]
[SourceDate "2011.11.26"]
[SourceVersion "1"]
[SourceVersionDate "2011.11.26"]
[SourceQuality "1"]

1. d4 d5 2. c4 c6 3. cxd5 cxd5 4. Nc3 Nc6 5. Nf3 Nf6 6. e3 Bf5 7. a3 e6 8. Bb5 Nd7 9. Bd2 Bd6 10. Rc1 O-O 11. O-O g5 12. Bxc6 bxc6 13. e4 dxe4 14. Nxg5 Nf6 15. Qe2 Kh8 16. f3 exf3 17. Qxf3 Qb6 18. Ne2 Nd5 19. Qh5 Bg6 20. Qh6 Qxb2 21. Rxc6 Be7 22. Nc3 Rad8 23. Rb1 Bxb1 24. Nxb1 Qxb1+ 25. Rc1 Qg6 26. Qh4 h6 27. Nxf7+ Rxf7 28. Qh3 Bg5 29. Bxg5 Qxg5 30. Re1 Nf4 31. Qf3 Qxg2+ 0-1

[Event "Ottosen op"]
[Site "Edmonton CAN"]
[Date "2008.08.07"]
[Round "1"]
[White "Mrugala, Jonathan"]
[Black "Johnson, Ron"]
[Result "0-1"]
[WhiteElo "1736"]
[BlackElo "1432"]
[PlyCount "94"]
[GameId "2160767910336778"]
[EventDate "2008.08.07"]
[EventType "swiss"]
[EventRounds "4"]
[EventCountry "CAN"]
[SourceTitle "EXT 2011"]
[Source "ChessBase"]
[SourceDate "2011.11.26"]
[SourceVersion "1"]
[SourceVersionDate "2011.11.26"]
[SourceQuality "1"]

1. g3 d5 2. Nf3 Nf6 3. c4 dxc4 4. Qa4+ c6 5. Qxc4 Bg4 6. Bg2 Qd7 7. Ne5 Qe6 8. d4 Nbd7 9. Qxe6 Bxe6 10. Nf3 Nd5 11. Bd2 g6 12. Ng5 Bg7 13. Nxe6 fxe6 14. e4 Nc7 15. Bc3 O-O 16. O-O Rad8 17. Nd2 Nb5 18. Nb3 Nxc3 19. bxc3 e5 20. Bh3 b6 21. f4 exd4 22. cxd4 c5 23. Rad1 cxd4 24. Nxd4 Bxd4+ 25. Rxd4 Nc5 26. Rfd1 Rxd4 27. Rxd4 e5 28. fxe5 Rf3 29. Bf1 Re3 30. Bc4+ Kf8 31. Bd5 Re2 32. h3 Ke7 33. Kf1 Rh2 34. h4 h5 35. Bc4 Rb2 36. Kg1 Rb4 37. Kf2 b5 38. Rd6 Nxe4+ 39. Kf3 Nxd6 40. exd6+ Kxd6 41. Bf7 Rg4 42. Bb3 a5 43. Kg2 a4 44. Bd1 Rd4 45. Be2 Rd2 46. Kf3 b4 47. Ke3 Rxa2 0-1

[Event "Ottosen op"]
[Site "Edmonton CAN"]
[Date "2008.08.07"]
[Round "1"]
[White "Paton, Brandon"]
[Black "Sauve, Steve"]
[Result "0-1"]
[WhiteElo "1316"]
[BlackElo "1677"]
[PlyCount "70"]
[GameId "2160767910336779"]
[EventDate "2008.08.07"]
[EventType "swiss"]
[EventRounds "4"]
[EventCountry "CAN"]
[SourceTitle "EXT 2011"]
[Source "ChessBase"]
[SourceDate "2011.11.26"]
[SourceVersion "1"]
[SourceVersionDate "2011.11.26"]
[SourceQuality "1"]

1. d4 d5 2. c4 c6 3. Nc3 Nf6 4. Nf3 Bg4 5. Ne5 Bf5 6. Bg5 Nbd7 7. Bxf6 Nxf6 8. g3 g6 9. cxd5 cxd5 10. Rc1 Bh6 11. e3 O-O 12. h4 Bg7 13. g4 Be6 14. g5 Ne4 15. Nxe4 dxe4 16. h5 Bxe5 17. hxg6 Qa5+ 18. Rc3 fxg6 19. a3 Rad8 20. b4 Qb6 21. Bc4 Bxc4 22. Rxc4 Qe6 23. Qb3 Bd6 24. Rh4 Qf7 25. Qa2 Bg3 26. Rc2 Bxh4 27. Qxf7+ Rxf7 28. Kf1 Bxg5 29. Kg2 Rd7 30. Kg3 h5 31. b5 Kg7 32. Rc5 Rf3+ 33. Kg2 Bh4 34. Rc2 e6 35. a4 Rdf7 0-1

[Event "Ottosen op"]
[Site "Edmonton CAN"]
[Date "2008.08.07"]
[Round "1"]
[White "Razzaq, Ali"]
[Black "Pechenkin, Vladimir"]
[Result "0-1"]
[WhiteElo "1847"]
[BlackElo "2288"]
[PlyCount "100"]
[GameId "2160767910336780"]
[EventDate "2008.08.07"]
[EventType "swiss"]
[EventRounds "4"]
[EventCountry "CAN"]
[SourceTitle "EXT 2011"]
[Source "ChessBase"]
[SourceDate "2011.11.26"]
[SourceVersion "1"]
[SourceVersionDate "2011.11.26"]
[SourceQuality "1"]

1. d4 f5 2. c4 Nf6 3. Nc3 e6 4. g3 Be7 5. Bg2 O-O 6. e3 d6 7. Nge2 a5 8. O-O c6 9. Qb3 Kh8 10. Na4 e5 11. Nb6 Ra6 12. Nxc8 Qxc8 13. Qc2 Ra7 14. dxe5 dxe5 15. Bh3 g6 16. b3 Nbd7 17. Bb2 Qc7 18. Rac1 Kg8 19. Kh1 a4 20. Ng1 Bb4 21. Nf3 a3 22. Ba1 Ra5 23. Ne1 Nc5 24. f4 e4 25. Qe2 Bxe1 26. Rcxe1 Nd3 27. Rd1 h5 28. Qd2 c5 29. Qc3 Ra6 30. Rd2 Rd6 31. Kg1 Kh7 32. Rfd1 Rfd8 33. Bf1 Ng4 34. Bxd3 Nxe3 35. Re1 Rxd3 36. Rxd3 exd3 37. Rxe3 d2 38. Rd3 d1=Q+ 39. Rxd1 Rxd1+ 40. Kf2 Rd8 41. Qf6 Qd7 42. Bc3 Re8 43. Kg2 Qe7 44. Qe5 Qxe5 45. fxe5 Rd8 46. Ba5 Rd1 47. Bb6 Ra1 48. Bxc5 Rxa2+ 49. Kf3 Rb2 50. e6 a2 0-1

[Event "Ottosen op"]
[Site "Edmonton CAN"]
[Date "2008.08.07"]
[Round "1"]
[White "Seehagen, Terry"]
[Black "Laboucane, Randy"]
[Result "0-1"]
[WhiteElo "1655"]
[BlackElo "1865"]
[PlyCount "54"]
[GameId "2160767910336781"]
[EventDate "2008.08.07"]
[EventType "swiss"]
[EventRounds "4"]
[EventCountry "CAN"]
[SourceTitle "EXT 2011"]
[Source "ChessBase"]
[SourceDate "2011.11.26"]
[SourceVersion "1"]
[SourceVersionDate "2011.11.26"]
[SourceQuality "1"]

1. e4 c5 2. d4 cxd4 3. c3 d5 4. exd5 Qxd5 5. cxd4 e5 6. Nc3 Bb4 7. Nf3 exd4 8. Nxd4 Ne7 9. Be3 Bxc3+ 10. bxc3 O-O 11. Rb1 a6 12. c4 Qa5+ 13. Bd2 Qe5+ 14. Be3 Rd8 15. Bd3 Nbc6 16. Nxc6 Nxc6 17. Qc2 Qa5+ 18. Bd2 Qe5+ 19. Be3 Qa5+ 20. Bd2 Qe5+ 21. Be3 Rxd3 22. Qxd3 Bf5 23. Qb3 Bxb1 24. Qxb1 Qc3+ 25. Ke2 Qxc4+ 26. Kf3 Ne5+ 27. Kg3 Qg4# 0-1

[Event "Ottosen op"]
[Site "Edmonton CAN"]
[Date "2008.08.07"]
[Round "1"]
[White "Sequillion, Aaron"]
[Black "Stark, Mark"]
[Result "0-1"]
[WhiteElo "1786"]
[BlackElo "1937"]
[PlyCount "106"]
[GameId "2160767910336782"]
[EventDate "2008.08.07"]
[EventType "swiss"]
[EventRounds "4"]
[EventCountry "CAN"]
[SourceTitle "EXT 2011"]
[Source "ChessBase"]
[SourceDate "2011.11.26"]
[SourceVersion "1"]
[SourceVersionDate "2011.11.26"]
[SourceQuality "1"]

1. e4 c5 2. Nf3 e6 3. d4 cxd4 4. Nxd4 a6 5. Be3 Nf6 6. f3 Qc7 7. a3 b5 8. Nd2 d5 9. Bd3 Bb7 10. O-O Bd6 11. Qe2 Bxh2+ 12. Kh1 Nh5 13. Bf2 Ng3+ 14. Bxg3 Bxg3 15. exd5 Qf4 16. Nf5 Bxd5 17. Nxg3 Qxg3 18. Bxb5+ axb5 19. Qxb5+ Bc6 20. Qc5 Qh4+ 21. Kg1 Qe7 22. Qd4 O-O 23. c4 Nd7 24. b4 Ra4 25. Rfe1 Rfa8 26. Re3 Qf6 27. Qxf6 gxf6 28. Rb3 f5 29. Kf2 Ne5 30. Ke3 Nd7 31. Nb1 e5 32. Nc3 R4a7 33. c5 Ba4 34. Rb2 Rb8 35. Rab1 Bb5 36. Nxb5 Rxb5 37. Ra2 Nxc5 38. Rba1 Nb3 39. Rb1 Nd4 40. Kd3 Rb8 41. Kc4 Rba8 42. Rba1 Ra4 43. Kd5 f6 44. Kd6 Rxa3 45. Rxa3 Rxa3 46. Rxa3 Nb5+ 47. Ke6 Nxa3 48. Kxf5 Kf7 49. g4 h6 50. f4 Nc4 51. fxe5 Nxe5 52. b5 Nc4 53. Kf4 Kg6 0-1

[Event "Ottosen op"]
[Site "Edmonton CAN"]
[Date "2008.08.07"]
[Round "1"]
[White "Sponga, George"]
[Black "Thompson, Peter"]
[Result "1-0"]
[WhiteElo "1643"]
[BlackElo "1806"]
[PlyCount "42"]
[GameId "2160767910336783"]
[EventDate "2008.08.07"]
[EventType "swiss"]
[EventRounds "4"]
[EventCountry "CAN"]
[SourceTitle "EXT 2011"]
[Source "ChessBase"]
[SourceDate "2011.11.26"]
[SourceVersion "1"]
[SourceVersionDate "2011.11.26"]
[SourceQuality "1"]

1. e4 c5 2. g3 d6 3. Bg2 Nf6 4. h3 g6 5. d3 Bg7 6. Nf3 Nc6 7. c3 O-O 8. O-O Bd7 9. Nbd2 Rc8 10. a3 b5 11. Re1 Nh5 12. Nf1 Qc7 13. g4 Nf6 14. Bf4 e5 15. Be3 a5 16. Qd2 a4 17. Rac1 Na5 18. Rc2 Nb3 19. Qd1 c4 20. N3h2 Bc6 21. f3 Bb7 1-0

[Event "Ottosen op"]
[Site "Edmonton CAN"]
[Date "2008.08.07"]
[Round "1"]
[White "Thomas, Bruce"]
[Black "Mendryk, Wayne"]
[Result "1/2-1/2"]
[WhiteElo "1762"]
[BlackElo "1436"]
[PlyCount "88"]
[GameId "2160767910336784"]
[EventDate "2008.08.07"]
[EventType "swiss"]
[EventRounds "4"]
[EventCountry "CAN"]
[SourceTitle "EXT 2011"]
[Source "ChessBase"]
[SourceDate "2011.11.26"]
[SourceVersion "1"]
[SourceVersionDate "2011.11.26"]
[SourceQuality "1"]

1. c4 Nf6 2. Nc3 e6 3. g3 c6 4. Bg2 d5 5. cxd5 exd5 6. d4 Bf5 7. e3 Bd6 8. Nge2 Na6 9. a3 Nc7 10. O-O O-O 11. h3 h6 12. Kh2 Ne6 13. f4 Re8 14. Ng1 Ne4 15. Nf3 Qf6 16. Nxe4 Bxe4 17. Ne5 Bxg2 18. Kxg2 Re7 19. Qd3 g6 20. Ng4 Qg7 21. f5 gxf5 22. Qxf5 Ng5 23. Nf6+ Kh8 24. Nh5 Qg6 25. Qf6+ Kh7 26. Qxg6+ fxg6 27. Nf6+ Kg7 28. h4 Ne4 29. Nxe4 Rxe4 30. Bd2 Ree8 31. Rf3 Rf8 32. Raf1 Rxf3 33. Rxf3 Rf8 34. b4 Rxf3 35. Kxf3 h5 36. g4 Kf6 37. Be1 b6 38. Bg3 Bxg3 39. Kxg3 Ke6 40. Kf4 hxg4 41. Kxg4 Kf6 42. Kf4 a6 43. e4 dxe4 44. Kxe4 Ke6 1/2-1/2

[Event "Ottosen op"]
[Site "Edmonton CAN"]
[Date "2008.08.14"]
[Round "2"]
[White "Borger, Rocky"]
[Black "Thomas, Bruce"]
[Result "0-1"]
[WhiteElo "1303"]
[BlackElo "1762"]
[PlyCount "102"]
[GameId "2160767910336785"]
[EventDate "2008.08.07"]
[EventType "swiss"]
[EventRounds "4"]
[EventCountry "CAN"]
[SourceTitle "EXT 2011"]
[Source "ChessBase"]
[SourceDate "2011.11.26"]
[SourceVersion "1"]
[SourceVersionDate "2011.11.26"]
[SourceQuality "1"]

1. d4 d5 2. Nf3 Bf5 3. Bf4 e6 4. Nc3 c6 5. e3 Nf6 6. h3 Bb4 7. Nd2 Bxc3 8. bxc3 Qa5 9. c4 Ne4 10. Qc1 Nd7 11. c5 b6 12. cxb6 Nxb6 13. f3 Nxd2 14. Qxd2 Qa4 15. Bd3 Nc4 16. Bxc4 Qxc4 17. c3 O-O 18. Kf2 f6 19. Rhe1 e5 20. e4 dxe4 21. fxe4 Bg6 22. Bh2 Rad8 23. Rad1 exd4 24. cxd4 Rfe8 25. Kf3 Rd7 26. Qd3 Qxa2 27. Rd2 Qa5 28. g4 h5 29. Ree2 hxg4+ 30. hxg4 Rde7 31. Qc4+ Kh8 32. Bf4 Bf7 33. Qxc6 Re6 34. Qc1 g5 35. Rh2+ Kg7 36. Ra2 Qb5 37. Bxg5 fxg5 38. d5 Qb3+ 39. Kg2 Re5 40. Rxa7 Qd3 41. Rxf7+ Kxf7 42. Qc7+ R8e7 43. Rh7+ Kg6 44. Rxe7 Qxe4+ 45. Kg1 Qxg4+ 46. Kf2 Qd4+ 47. Kg2 Qxd5+ 48. Kg3 Qd3+ 49. Kg2 Qe4+ 50. Kg1 Rxe7 51. Qb6+ Re6 0-1

[Event "Ottosen op"]
[Site "Edmonton CAN"]
[Date "2008.08.14"]
[Round "2"]
[White "Mendryk, Wayne"]
[Black "Zeggelaar, Mike"]
[Result "0-1"]
[WhiteElo "1436"]
[BlackElo "1743"]
[PlyCount "80"]
[GameId "2160767910336786"]
[EventDate "2008.08.07"]
[EventType "swiss"]
[EventRounds "4"]
[EventCountry "CAN"]
[SourceTitle "EXT 2011"]
[Source "ChessBase"]
[SourceDate "2011.11.26"]
[SourceVersion "1"]
[SourceVersionDate "2011.11.26"]
[SourceQuality "1"]

1. e4 e6 2. d4 d5 3. Nc3 Bb4 4. e5 c5 5. a3 Bxc3+ 6. bxc3 Ne7 7. Nf3 Nbc6 8. Bb5 Bd7 9. O-O O-O 10. Ng5 Nxe5 11. Qh5 h6 12. Re1 N5g6 13. Bxd7 Qxd7 14. Nf3 cxd4 15. Ne5 Nxe5 16. Rxe5 Ng6 17. Re2 dxc3 18. Re3 Qc7 19. Rh3 Qe5 20. Qd1 Rac8 21. Rb1 b6 22. Rb4 Rc4 23. Re3 Qc7 24. Rb3 d4 25. Rh3 Qe5 26. Rh5 Qe4 27. f3 Qc6 28. Qd3 Rd8 29. g4 Rd5 30. Rh3 Re5 31. Kf2 Rd5 32. f4 Qc7 33. f5 Nf4 34. Bxf4 Qxf4+ 35. Kg2 Qd2+ 36. Kf1 Qxd3+ 37. Rxd3 e5 38. h4 e4 39. Rg3 d3 40. g5 Rxf5+ 0-1

[Event "Ottosen op"]
[Site "Edmonton CAN"]
[Date "2008.08.14"]
[Round "2"]
[White "Mrugala, David"]
[Black "Hughey, Micah"]
[Result "1/2-1/2"]
[WhiteElo "2075"]
[BlackElo "2218"]
[PlyCount "98"]
[GameId "2160767910336787"]
[EventDate "2008.08.07"]
[EventType "swiss"]
[EventRounds "4"]
[EventCountry "CAN"]
[SourceTitle "EXT 2011"]
[Source "ChessBase"]
[SourceDate "2011.11.26"]
[SourceVersion "1"]
[SourceVersionDate "2011.11.26"]
[SourceQuality "1"]

1. c4 e6 2. d4 d5 3. Nf3 c5 4. cxd5 exd5 5. g3 Nc6 6. Bg2 Nf6 7. O-O Be7 8. Nc3 O-O 9. Bg5 cxd4 10. Nxd4 h6 11. Be3 Re8 12. Rc1 Bf8 13. a3 Bg4 14. Re1 Qd7 15. Nxc6 bxc6 16. Na4 Bh3 17. Bc5 Bxg2 18. Kxg2 Ne4 19. Bxf8 Kxf8 20. Qd4 Kg8 21. Nc5 Qf5 22. Nxe4 Rxe4 23. Qd3 Qf6 24. Qc3 Qg5 25. Qxc6 Rae8 26. Rcd1 d4 27. b4 R8e6 28. Qc5 Qxc5 29. bxc5 Rc6 30. Kf3 f5 31. Rc1 Kf7 32. e3 g5 33. h3 h5 34. exd4 g4+ 35. Kg2 Rxd4 36. hxg4 hxg4 37. Rc3 Rd5 38. Rec1 a5 39. Kf1 Re5 40. f3 gxf3 41. Kf2 Kg6 42. Kxf3 Kg5 43. Rc4 Rd5 44. R1c3 Re5 45. Kf2 Rd5 46. Ke3 Re6+ 47. Kf3 Rc6 48. Ke2 Re6+ 49. Re3 Rc6 1/2-1/2

[Event "Ottosen op"]
[Site "Edmonton CAN"]
[Date "2008.08.14"]
[Round "2"]
[White "Mrugala, Jonathan"]
[Black "Thomas, Derek"]
[Result "1-0"]
[WhiteElo "1736"]
[BlackElo "1460"]
[PlyCount "65"]
[GameId "2160767910336788"]
[EventDate "2008.08.07"]
[EventType "swiss"]
[EventRounds "4"]
[EventCountry "CAN"]
[SourceTitle "EXT 2011"]
[Source "ChessBase"]
[SourceDate "2011.11.26"]
[SourceVersion "1"]
[SourceVersionDate "2011.11.26"]
[SourceQuality "1"]

1. Nf3 d5 2. c4 c6 3. Qc2 Nf6 4. g3 g6 5. Bg2 Bg7 6. O-O Bf5 7. d3 O-O 8. Bg5 Nbd7 9. Nbd2 h6 10. Bxf6 Nxf6 11. Rac1 Qd7 12. b4 Rac8 13. Qa4 a6 14. Nb3 Rc7 15. Nc5 Qc8 16. Qa5 Nd7 17. Nxd7 Rxd7 18. Nd2 Qd8 19. Qxd8 Rdxd8 20. cxd5 cxd5 21. Rc7 Rd7 22. Rxd7 Bxd7 23. Bxd5 b6 24. Nc4 Rb8 25. Rc1 Bf8 26. Ne5 Be8 27. a3 Bg7 28. f4 g5 29. Rc7 Bf6 30. Bc6 Kf8 31. Bxe8 Kxe8 32. Ra7 gxf4 33. gxf4 1-0

[Event "Ottosen op"]
[Site "Edmonton CAN"]
[Date "2008.08.14"]
[Round "2"]
[White "Pechenkin, Vladimir"]
[Black "Pedersen, Rick"]
[Result "1-0"]
[WhiteElo "2288"]
[BlackElo "1943"]
[PlyCount "57"]
[GameId "2160767910336789"]
[EventDate "2008.08.07"]
[EventType "swiss"]
[EventRounds "4"]
[EventCountry "CAN"]
[SourceTitle "EXT 2011"]
[Source "ChessBase"]
[SourceDate "2011.11.26"]
[SourceVersion "1"]
[SourceVersionDate "2011.11.26"]
[SourceQuality "1"]

1. f4 d5 2. Nf3 g6 3. e3 Bg7 4. Be2 Nf6 5. O-O O-O 6. d3 c5 7. Nc3 Nc6 8. Ne5 d4 9. Nxc6 bxc6 10. Na4 Nd7 11. e4 e5 12. f5 Qe7 13. Qd2 Kh8 14. Qa5 c4 15. dxc4 gxf5 16. Rxf5 Bf6 17. Bd2 Rg8 18. Raf1 c5 19. Qc7 Qf8 20. Rxf6 Nxf6 21. Qxe5 Rg6 22. Rxf6 Qg7 23. Qe8+ Qg8 24. Qxg8+ Kxg8 25. Rxg6+ hxg6 26. Nxc5 f5 27. Bf3 Rb8 28. b3 Rb6 29. Bf4 1-0

[Event "Ottosen op"]
[Site "Edmonton CAN"]
[Date "2008.08.14"]
[Round "2"]
[White "Sauve, Steve"]
[Black "McKay, Arnold"]
[Result "0-1"]
[WhiteElo "1677"]
[BlackElo "1834"]
[PlyCount "84"]
[GameId "2160767910336790"]
[EventDate "2008.08.07"]
[EventType "swiss"]
[EventRounds "4"]
[EventCountry "CAN"]
[SourceTitle "EXT 2011"]
[Source "ChessBase"]
[SourceDate "2011.11.26"]
[SourceVersion "1"]
[SourceVersionDate "2011.11.26"]
[SourceQuality "1"]

1. e4 c5 2. Nf3 Nc6 3. c3 d6 4. Bb5 Bd7 5. O-O Nf6 6. Re1 g6 7. d4 cxd4 8. cxd4 Bg7 9. Nc3 O-O 10. Be3 a6 11. Bd3 Ng4 12. Bg5 Nxd4 13. Nxd4 Bxd4 14. Bh4 Be5 15. h3 Nf6 16. Qd2 Nh5 17. Nd5 f6 18. Be2 e6 19. Bxh5 exd5 20. Qxd5+ Kg7 21. Bf3 Bc6 22. Qb3 b5 23. Rad1 Qb6 24. Kh1 Be8 25. Bg4 Bf7 26. Be6 Rae8 27. Bxf7 Rxf7 28. f3 g5 29. f4 Bxf4 30. Bg3 Be5 31. Bxe5 fxe5 32. Qg3 h6 33. h4 Kg6 34. Qg4 Ref8 35. h5+ Kg7 36. Qe6 Rf6 37. Qd7+ R8f7 38. Qe8 Qf2 39. Rf1 Qh4+ 40. Kg1 Qxh5 41. Rxf6 Qxd1+ 42. Kh2 Rxf6 0-1

[Event "Ottosen op"]
[Site "Edmonton CAN"]
[Date "2008.08.14"]
[Round "2"]
[White "Sequillion, Aaron"]
[Black "Yamach, Ahmet"]
[Result "1-0"]
[WhiteElo "1786"]
[BlackElo "1940"]
[PlyCount "43"]
[GameId "2160767910336791"]
[EventDate "2008.08.07"]
[EventType "swiss"]
[EventRounds "4"]
[EventCountry "CAN"]
[SourceTitle "EXT 2011"]
[Source "ChessBase"]
[SourceDate "2011.11.26"]
[SourceVersion "1"]
[SourceVersionDate "2011.11.26"]
[SourceQuality "1"]

1. Nf3 d5 2. g3 c5 3. d3 Nc6 4. Bf4 f6 5. Bg2 e5 6. Bc1 Be6 7. O-O Bd6 8. Nbd2 Nge7 9. e4 d4 10. Nh4 g5 11. Nf5 Nxf5 12. exf5 Bxf5 13. Ne4 Be7 14. f4 gxf4 15. gxf4 Qd7 16. fxe5 Nxe5 17. Qh5+ Bg6 18. Qh4 f5 19. Nf6+ Bxf6 20. Qxf6 Nf7 21. Re1+ Kf8 22. Bh6+ 1-0

[Event "Ottosen op"]
[Site "Edmonton CAN"]
[Date "2008.08.14"]
[Round "2"]
[White "Stark, Mark"]
[Black "Motuz, Vitaly"]
[Result "1-0"]
[WhiteElo "1937"]
[BlackElo "1797"]
[PlyCount "65"]
[GameId "2160767910336792"]
[EventDate "2008.08.07"]
[EventType "swiss"]
[EventRounds "4"]
[EventCountry "CAN"]
[SourceTitle "EXT 2011"]
[Source "ChessBase"]
[SourceDate "2011.11.26"]
[SourceVersion "1"]
[SourceVersionDate "2011.11.26"]
[SourceQuality "1"]

1. d4 Nf6 2. Nf3 e6 3. Bf4 c5 4. c3 Nc6 5. e3 Be7 6. Nbd2 d5 7. Bd3 O-O 8. O-O c4 9. Bc2 Nh5 10. Bg3 Nxg3 11. hxg3 f5 12. Ne5 Nxe5 13. dxe5 Qc7 14. Nf3 Bd7 15. Qd4 Be8 16. b4 a5 17. a3 axb4 18. axb4 Bh5 19. Nh2 Be2 20. Rfe1 Bd3 21. Bxd3 cxd3 22. Qxd3 Qxe5 23. Nf3 Qd6 24. Nd4 Bf6 25. Nb5 Qd7 26. Rab1 Rfc8 27. f3 Ra2 28. Red1 Rc4 29. Re1 Be5 30. f4 Bb8 31. Ra1 Rxa1 32. Rxa1 Rc8 33. Ra8 1-0

[Event "Ottosen op"]
[Site "Edmonton CAN"]
[Date "2008.08.14"]
[Round "2"]
[White "Thompson, Peter"]
[Black "Seehagen, Terry"]
[Result "1-0"]
[WhiteElo "1806"]
[BlackElo "1655"]
[PlyCount "71"]
[GameId "2160767910336793"]
[EventDate "2008.08.07"]
[EventType "swiss"]
[EventRounds "4"]
[EventCountry "CAN"]
[SourceTitle "EXT 2011"]
[Source "ChessBase"]
[SourceDate "2011.11.26"]
[SourceVersion "1"]
[SourceVersionDate "2011.11.26"]
[SourceQuality "1"]

1. Nf3 d5 2. g3 c5 3. Bg2 Nc6 4. d3 e5 5. Nbd2 f5 6. e4 fxe4 7. dxe4 d4 8. Nc4 Bd6 9. a4 Nf6 10. Qe2 h6 11. O-O Be6 12. Nh4 g5 13. Nf5 Bxf5 14. exf5 O-O 15. Nd2 Ne7 16. Qc4+ Kh8 17. Qe6 Qd7 18. Qxd7 Nxd7 19. g4 Rab8 20. Nc4 Bc7 21. Re1 Ng8 22. h3 Ngf6 23. Ra3 Rfe8 24. Bd2 e4 25. b4 Nb6 26. Bf1 Nbd7 27. a5 Bf4 28. b5 Ne5 29. Nxe5 Rxe5 30. Bc1 Rc8 31. Bc4 Re7 32. Be6 Rcc7 33. Bb2 Kh7 34. Ra4 c4 35. Bxd4 c3 36. Bxf6 1-0

[Event "Ottosen op"]
[Site "Edmonton CAN"]
[Date "2008.08.14"]
[Round "2"]
[White "Wihnon, Jason"]
[Black "Razzaq, Ali"]
[Result "0-1"]
[WhiteElo "1737"]
[BlackElo "1847"]
[PlyCount "38"]
[GameId "2160767910336794"]
[EventDate "2008.08.07"]
[EventType "swiss"]
[EventRounds "4"]
[EventCountry "CAN"]
[SourceTitle "EXT 2011"]
[Source "ChessBase"]
[SourceDate "2011.11.26"]
[SourceVersion "1"]
[SourceVersionDate "2011.11.26"]
[SourceQuality "1"]

1. e4 c6 2. d4 d5 3. Nc3 dxe4 4. Nxe4 Nd7 5. Bd3 Ngf6 6. Nxf6+ Nxf6 7. Ne2 e6 8. O-O Bd6 9. Bg5 Bxh2+ 10. Kh1 Bc7 11. c3 Qd5 12. Bf4 Qh5+ 13. Kg1 Bxf4 14. Nxf4 Qh6 15. Qf3 Bd7 16. b4 O-O-O 17. a4 Rhe8 18. Rfe1 g5 19. Ne2 e5 0-1

[Event "Ottosen op"]
[Site "Edmonton CAN"]
[Date "2008.08.21"]
[Round "3"]
[White "Grumic, Sasha"]
[Black "Pechenkin, Vladimir"]
[Result "0-1"]
[WhiteElo "2106"]
[BlackElo "2288"]
[PlyCount "84"]
[GameId "2160767910336795"]
[EventDate "2008.08.07"]
[EventType "swiss"]
[EventRounds "4"]
[EventCountry "CAN"]
[SourceTitle "EXT 2011"]
[Source "ChessBase"]
[SourceDate "2011.11.26"]
[SourceVersion "1"]
[SourceVersionDate "2011.11.26"]
[SourceQuality "1"]

1. Nf3 Nf6 2. d4 d6 3. g3 Nbd7 4. Bg2 e5 5. c4 c6 6. Nc3 Be7 7. Qc2 O-O 8. h3 Re8 9. O-O Bf8 10. e4 a6 11. Rd1 Qc7 12. c5 dxc5 13. dxe5 Nxe5 14. Bf4 Nfd7 15. Kh1 f6 16. Rd2 Kh8 17. Rad1 b5 18. g4 Nb6 19. b3 Qf7 20. Bxe5 fxe5 21. Ne2 c4 22. Qb2 Qf6 23. g5 Qe6 24. Rd8 Bb7 25. Rxa8 Bxa8 26. b4 Kg8 27. Ng3 Na4 28. Qd2 c3 29. Qc2 Bxb4 30. g6 hxg6 31. Ng5 Qe7 32. Qb3+ Kh8 33. h4 c5 34. a3 Ba5 35. Rd6 c4 36. Qc2 Rd8 37. Rxa6 Bb6 38. Qe2 Bb7 39. Rxa4 bxa4 40. Nf5 Qf6 41. Qxc4 Rc8 42. Qa2 c2 0-1

[Event "Ottosen op"]
[Site "Edmonton CAN"]
[Date "2008.08.21"]
[Round "3"]
[White "McKay, Arnold"]
[Black "Pua, Richard"]
[Result "0-1"]
[WhiteElo "1834"]
[BlackElo "1904"]
[PlyCount "94"]
[GameId "2160767910336796"]
[EventDate "2008.08.07"]
[EventType "swiss"]
[EventRounds "4"]
[EventCountry "CAN"]
[SourceTitle "EXT 2011"]
[Source "ChessBase"]
[SourceDate "2011.11.26"]
[SourceVersion "1"]
[SourceVersionDate "2011.11.26"]
[SourceQuality "1"]

1. d4 d5 2. c4 e6 3. Nc3 Nf6 4. Nf3 Be7 5. e3 O-O 6. Bd3 b6 7. O-O Bb7 8. cxd5 exd5 9. Qc2 c5 10. Ng5 h6 11. Nf3 Nbd7 12. Nh4 Re8 13. Nf5 Bf8 14. Nb5 Re6 15. dxc5 bxc5 16. b3 a6 17. Nc3 Ne5 18. Be2 Rc8 19. Rd1 Qc7 20. Bb2 Neg4 21. Ng3 Bd6 22. Nxd5 Bxd5 23. Rxd5 Nxe3 24. fxe3 Nxd5 25. Bg4 Bxg3 26. hxg3 Qxg3 27. Bxe6 Qxe3+ 28. Kh1 Qxe6 29. Rd1 Nf6 30. Qc3 Qg4 31. Re1 Qh4+ 32. Kg1 Qd4+ 33. Qxd4 cxd4 34. Bxd4 Rc2 35. a4 Rd2 36. Bc5 Rb2 37. Re3 Ng4 38. Re8+ Kh7 39. Kf1 Rxb3 40. Ra8 Rb1+ 41. Ke2 Rb2+ 42. Kf3 Ne5+ 43. Kg3 Rb3+ 44. Kh4 g5+ 45. Kh5 Rb1 46. Rh8+ Kxh8 47. Kxh6 f6 0-1

[Event "Ottosen op"]
[Site "Edmonton CAN"]
[Date "2008.08.21"]
[Round "3"]
[White "Mendryk, Wayne"]
[Black "Paton, Brandon"]
[Result "1-0"]
[WhiteElo "1436"]
[BlackElo "1316"]
[PlyCount "52"]
[GameId "2160767910336797"]
[EventDate "2008.08.07"]
[EventType "swiss"]
[EventRounds "4"]
[EventCountry "CAN"]
[SourceTitle "EXT 2011"]
[Source "ChessBase"]
[SourceDate "2011.11.26"]
[SourceVersion "1"]
[SourceVersionDate "2011.11.26"]
[SourceQuality "1"]

1. e4 c5 2. Nf3 d6 3. d4 cxd4 4. Nxd4 e5 5. Nb5 a6 6. N5a3 Nf6 7. Bg5 Nbd7 8. Nc3 h6 9. Bh4 g5 10. Bg3 Nc5 11. Bd3 Qa5 12. Qf3 Be7 13. O-O O-O 14. Nd5 Nh7 15. Nxe7+ Kh8 16. Nc4 g4 17. Qe3 Qc7 18. Bh4 Ne6 19. Qxh6 f5 20. Ng6+ Kg8 21. Nxf8 Nexf8 22. exf5 Bxf5 23. Bxf5 Qxc4 24. Bxh7+ Nxh7 25. Rfe1 Qxc2 26. Rac1 Qd2 1-0